Interstate Highways - Whammies - Statistics

General Stats
  • This quiz has been taken 11 times
  • The average score is 6 of 12
Answer Stats
Start End Answer % Correct
Santa Monica Jacksonville I-10
82%
Kingsport Charleston I-26
73%
Lorado Duluth I-35
73%
San Ysidro Blaine I-5
73%
San Diego Sweetgrass I-15
64%
Las Cruces Buffalo I-25
64%
Jonestown Canal Street (NYC) I-78
55%
Montgomery Petersburg I-85
55%
Pulley‘s Mill Chattanooga I-24
45%
Reeves County Florence I-20
36%
Bedfort Painted Post I-99
27%
Russell Howard I-45
0%
No matching quizzes found
Score Distribution
Percent of People with Each Score
Percentile by Number Answered
Your Score History
You have not taken this quiz